<?xml version="1.0" encoding="UTF-8"?>
<collection xmlns="http://www.loc.gov/MARC21/slim">
 <record>
  <leader>05376nam a2200325 a 4500</leader>
  <controlfield tag="001">kal4532</controlfield>
  <controlfield tag="003">Gr-AtHEAL</controlfield>
  <controlfield tag="005">20160506150545.0</controlfield>
  <controlfield tag="006">m        d        </controlfield>
  <controlfield tag="008">160413s2015    gr      s           gre|c</controlfield>
  <datafield tag="020" ind1=" " ind2=" ">
   <subfield code="a">9789606034237</subfield>
  </datafield>
  <datafield tag="040" ind1=" " ind2=" ">
   <subfield code="a">GR-AtHEAL</subfield>
   <subfield code="b">gre</subfield>
   <subfield code="c">GR-AtHEAL</subfield>
  </datafield>
  <datafield tag="082" ind1="0" ind2="4">
   <subfield code="a">003.85</subfield>
   <subfield code="2">23</subfield>
  </datafield>
  <datafield tag="100" ind1="1" ind2=" ">
   <subfield code="a">Μυριτζής, Ιωάννης.</subfield>
   <subfield code="8">1507</subfield>
  </datafield>
  <datafield tag="245" ind1="1" ind2="0">
   <subfield code="a">Δυναμικά συστήματα</subfield>
   <subfield code="h">[Ηλεκτρονικός πόρος] </subfield>
   <subfield code="b">Με εφαρμογές στην οικολογία και τη φυσική</subfield>
   <subfield code="c">Μυριτζής, Ιωάννης ; Κριτικός αναγνώστης,Χατζησάββας, Νικόλαος.</subfield>
  </datafield>
  <datafield tag="260" ind1=" " ind2=" ">
   <subfield code="a">Αθήνα :</subfield>
   <subfield code="b">Σύνδεσμος Ελληνικών Ακαδημαϊκών Βιβλιοθηκών,</subfield>
   <subfield code="c">c2015.</subfield>
  </datafield>
  <datafield tag="490" ind1=" " ind2=" ">
   <subfield code="a">Ακαδημαϊκά Ηλεκτρονικά Συγγράμματα και Βοηθήματα Κάλλιπος</subfield>
   <subfield code="8">40</subfield>
  </datafield>
  <datafield tag="520" ind1=" " ind2=" ">
   <subfield code="a">Το βιβλίο αυτό απευθύνεται σε προπτυχιακούς αλλά και μεταπτυχιακούς φοιτητές που διδάσκονται συνεχή δυναμικά συστήματα. Προηγούμενη γνώση διαφορικών εξισώσεων είναι επιθυμητή αλλά όχι απαραίτητη. Τα προαπαιτούμενα είναι ελάχιστα: στοιχεία απειροστικού λογισμού και στοιχεία γραμμικής άλγεβρας αρκούν για τη μελέτη όλου του βιβλίου. Για λόγους πληρότητας έχει περιληφθεί ένα κεφάλαιο που πραγματεύεται το ζήτημα των ιδιοτιμών πινάκων. Καταβάλλεται προσπάθεια ώστε το βιβλίο να αποτελεί την αναλυτικότερη και παιδαγωγικότερη εισαγωγή στη θεωρία των δυναμικών συστημάτων.Η παραδοσιακή παρουσίαση ενός πρώτου μαθήματος διαφορικών εξισώσεων συνίσταται στην παράθεση μεθόδων για την επίλυση ορισμένων διαφορικών εξισώσεων. Δίνεται έμφαση στις γραμμικές διαφορικές εξισώσεις (ΔΕ), διότι είναι ακριβώς αυτές για τις οποίες κατά τους τελευταίους αιώνες έχουν αναπτυχθεί μέθοδοι για την επίλυση τους. Εν τούτοις, τα φυσικά φαινόμενα περιγράφονται συνήθως από μη γραμμικές ΔΕ. Επί πλέον, καίτοι δεν υπάρχουν συστηματικές μέθοδοι επίλυσης των μη γραμμικών διαφορικών εξισώσεων, οι λύσεις τους εμφανίζουν την πιο ενδιαφέρουσα συμπεριφορά. Για τους λόγους αυτούς, θα περιορίσουμε στο ελάχιστο δυνατό την παράθεση μεθόδων επίλυσης διαφορικών εξισώσεων. Αντιθέτως θα παρουσιάσουμε τη γεωμετρική, ποιοτική άποψη της θεωρίας των διαφορικών εξισώσεων. Στο πλαίσιο αυτής, δεν ενδιαφερόμαστε για μία λύση, αλλά για τη μελέτη της συμπεριφοράς μιάς ολόκληρης οικογένειας λύσεων. Αυτό, τουλάχιστον στις δύο διαστάσεις, επιτυγχάνεται με τη μελέτη του πορτραίτου των φάσεων ενός δυναμικού συστήματος που περιγράφεται από ένα σύστημα διαφορικών εξισώσεων. Ιδιαιτέρως αναζητούμε την ασυμπτωτική συμπεριφορά του συστήματος. Μοντέλα οικολογίας θα μας δώσουν το κίνητρο για την ανάπτυξη της θεωρίας των μη γραμμικών δυναμικών συστημάτων. Τέλος, η Mathematica θα αποδειχθεί ισχυρό εργαλείο τόσο για την επίλυση των διαφορικών εξισώσεων, όσο και για την ποιοτική μελέτη τους.</subfield>
  </datafield>
  <datafield tag="650" ind1=" " ind2="0">
   <subfield code="a">Equations, Differential</subfield>
   <subfield code="8">2836</subfield>
  </datafield>
  <datafield tag="653" ind1=" " ind2=" ">
   <subfield code="a">Μη γραμμικά συστήματα</subfield>
  </datafield>
  <datafield tag="653" ind1=" " ind2=" ">
   <subfield code="a">Φυσική</subfield>
  </datafield>
  <datafield tag="653" ind1=" " ind2=" ">
   <subfield code="a">Οικολογία</subfield>
  </datafield>
  <datafield tag="653" ind1=" " ind2=" ">
   <subfield code="a">Διαφορικές εξισώσεις</subfield>
  </datafield>
  <datafield tag="653" ind1=" " ind2=" ">
   <subfield code="a">Φυσική</subfield>
   <subfield code="a">Γενική φυσική</subfield>
   <subfield code="a">Μη γραμμικά δυναμικά συστήματα</subfield>
  </datafield>
  <datafield tag="700" ind1="1" ind2=" ">
   <subfield code="a">Χατζησάββας, Νικόλαος</subfield>
   <subfield code="e">Κριτικός αναγνώστης</subfield>
   <subfield code="8">1508</subfield>
  </datafield>
  <datafield tag="856" ind1="4" ind2="0">
   <subfield code="u">http://hdl.handle.net/11419/4532</subfield>
   <subfield code="z">Πλήρες Κείμενο - Full text</subfield>
  </datafield>
  <datafield tag="907" ind1=" " ind2=" ">
   <subfield code="a">.b25679648</subfield>
   <subfield code="b">12-06-18</subfield>
   <subfield code="c">29-07-16</subfield>
  </datafield>
  <datafield tag="949" ind1=" " ind2=" ">
   <subfield code="0">0</subfield>
   <subfield code="1">0</subfield>
   <subfield code="2">ddc</subfield>
   <subfield code="4">0</subfield>
   <subfield code="6">003_850000000000000_ΜΥΡ</subfield>
   <subfield code="7">0</subfield>
   <subfield code="8">KALL</subfield>
   <subfield code="8">723</subfield>
   <subfield code="d">2016-04-13</subfield>
   <subfield code="r">2016-04-13</subfield>
   <subfield code="w">2016-04-13</subfield>
   <subfield code="z">003.85 ΜΥΡ</subfield>
   <subfield code="o">SEAB KALLIPOS</subfield>
  </datafield>
  <datafield tag="998" ind1=" " ind2=" ">
   <subfield code="a">80</subfield>
   <subfield code="a">01</subfield>
   <subfield code="a">02</subfield>
   <subfield code="a">03</subfield>
   <subfield code="a">04</subfield>
   <subfield code="a">05</subfield>
   <subfield code="a">06</subfield>
   <subfield code="a">07</subfield>
   <subfield code="a">08</subfield>
   <subfield code="a">09</subfield>
   <subfield code="a">10</subfield>
   <subfield code="a">11</subfield>
   <subfield code="a">12</subfield>
   <subfield code="a">13</subfield>
   <subfield code="a">14</subfield>
   <subfield code="a">15</subfield>
   <subfield code="a">16</subfield>
   <subfield code="a">17</subfield>
   <subfield code="a">18</subfield>
   <subfield code="a">19</subfield>
   <subfield code="a">20</subfield>
   <subfield code="a">21</subfield>
   <subfield code="a">22</subfield>
   <subfield code="a">23</subfield>
   <subfield code="a">24</subfield>
   <subfield code="a">25</subfield>
   <subfield code="a">26</subfield>
   <subfield code="b">16-05-17</subfield>
   <subfield code="c">m</subfield>
   <subfield code="d">z  </subfield>
   <subfield code="e">-</subfield>
   <subfield code="f">gre</subfield>
   <subfield code="g">gr </subfield>
   <subfield code="h">0</subfield>
  </datafield>
  <datafield tag="942" ind1=" " ind2=" ">
   <subfield code="2">ddc</subfield>
   <subfield code="c">KALLIPOS</subfield>
  </datafield>
 </record>
</collection>
